<?xml version="1.0" encoding="UTF-8"?>
<record
    xmlns:xsi="http://www.w3.org/2001/XMLSchema-instance"
    xsi:schemaLocation="http://www.loc.gov/MARC21/slim http://www.loc.gov/standards/marcxml/schema/MARC21slim.xsd"
    xmlns="http://www.loc.gov/MARC21/slim">

  <leader>01674nam a22002777a 4500</leader>
  <controlfield tag="001">7004</controlfield>
  <controlfield tag="003">FISKH</controlfield>
  <controlfield tag="005">20250617103018.0</controlfield>
  <controlfield tag="008">250617b        cb ||||| |||| 00| 0 eng d</controlfield>
  <datafield tag="020" ind1=" " ind2=" ">
    <subfield code="a">9780603563805</subfield>
  </datafield>
  <datafield tag="040" ind1=" " ind2=" ">
    <subfield code="a">FISKH</subfield>
    <subfield code="b">eng</subfield>
    <subfield code="c">FISKH</subfield>
    <subfield code="d">FISKH</subfield>
  </datafield>
  <datafield tag="050" ind1=" " ind2=" ">
    <subfield code="a">PZ7 </subfield>
  </datafield>
  <datafield tag="082" ind1=" " ind2=" ">
    <subfield code="a">627.8 </subfield>
  </datafield>
  <datafield tag="100" ind1=" " ind2=" ">
    <subfield code="a">Smith, Jerry </subfield>
  </datafield>
  <datafield tag="245" ind1=" " ind2=" ">
    <subfield code="a">Benny and the important job, Roley and the woodland walk / </subfield>
  </datafield>
  <datafield tag="260" ind1=" " ind2=" ">
    <subfield code="a">Great Britains : </subfield>
    <subfield code="b">Egmont</subfield>
    <subfield code="c">2008.</subfield>
  </datafield>
  <datafield tag="300" ind1=" " ind2=" ">
    <subfield code="a">60 pages : </subfield>
    <subfield code="b">color illustrations ; </subfield>
    <subfield code="c">23 x 26 cm</subfield>
  </datafield>
  <datafield tag="505" ind1=" " ind2=" ">
    <subfield code="a">J
</subfield>
  </datafield>
  <datafield tag="520" ind1=" " ind2=" ">
    <subfield code="a">Benny &amp; the Important Job :
Bob and the crew are working on building a new house for the Bentleys at the base of a hill in Sunflower Valley. Benny, a smaller digger, is eager to help&#x2014;he really wants to prove himself. Throughout the day, he keeps asking to take on tasks suited for bigger machines. In the end, Benny gets a chance to complete a meaningful part of the project when he&#x2019;s entrusted with an important job that's perfect for his size and skills&#x2014;boosting his confidence and teaching him that everyone has a valuable role.  Roley&#x2019;s :
Although not always included in every edition, many of these 2-in-1 books feature a Roley tale. In one version, Roley sleep-rolls through town after a long day, almost causing trouble. The team comes together, gently wakes him, and safely brings him back&#x2014;highlighting teamwork, care for friends, and the importance of looking out for each other </subfield>
  </datafield>
  <datafield tag="521" ind1="8" ind2=" ">
    <subfield code="a">430
</subfield>
    <subfield code="b">Lexile estimate
</subfield>
  </datafield>
  <datafield tag="521" ind1="8" ind2=" ">
    <subfield code="a">J
</subfield>
    <subfield code="b">Raz-Plus
</subfield>
  </datafield>
  <datafield tag="650" ind1=" " ind2=" ">
    <subfield code="a">Construction      </subfield>
    <subfield code="v">Teamwork</subfield>
    <subfield code="x">Machines</subfield>
  </datafield>
  <datafield tag="650" ind1=" " ind2=" ">
    <subfield code="a">Friendship</subfield>
    <subfield code="v">Problem Solving</subfield>
    <subfield code="x">Confidence</subfield>
  </datafield>
  <datafield tag="942" ind1=" " ind2=" ">
    <subfield code="2">ddc</subfield>
    <subfield code="c">BK</subfield>
    <subfield code="n">0</subfield>
  </datafield>
  <datafield tag="999" ind1=" " ind2=" ">
    <subfield code="c">7004</subfield>
    <subfield code="d">7004</subfield>
  </datafield>
  <datafield tag="952" ind1=" " ind2=" ">
    <subfield code="0">0</subfield>
    <subfield code="1">0</subfield>
    <subfield code="2">ddc</subfield>
    <subfield code="4">0</subfield>
    <subfield code="7">0</subfield>
    <subfield code="8">JUVF</subfield>
    <subfield code="a">001</subfield>
    <subfield code="b">001</subfield>
    <subfield code="c">TK Blue</subfield>
    <subfield code="d">2025-06-17</subfield>
    <subfield code="l">0</subfield>
    <subfield code="o">SMIT  627.8 PZ7 </subfield>
    <subfield code="p">FISBT00077</subfield>
    <subfield code="r">2025-06-17 10:30:15</subfield>
    <subfield code="t">1</subfield>
    <subfield code="w">2025-06-17</subfield>
    <subfield code="y">BK</subfield>
  </datafield>
</record>
